[Event "Easter op"]
[Site "Winnipeg CAN"]
[Date "2004.04.24"]
[Round "2"]
[White "Zaczek, Jonathon"]
[Black "Lipnowski, Samuel"]
[Result "1-0"]
[WhiteElo "1856"]
[BlackElo "2121"]
[PlyCount "119"]
[GameId "2160767911166888"]
[EventDate "2004.04.??"]
[EventType "swiss"]
[EventRounds "5"]
[EventCountry "CAN"]
[SourceTitle "EXT 2006"]
[Source "ChessBase"]
[SourceDate "2005.11.24"]
[SourceVersion "1"]
[SourceVersionDate "2005.11.24"]
[SourceQuality "1"]

1. e4 c5 2. Nf3 e6 3. d4 cxd4 4. Nxd4 a6 5. Bd3 Nf6 6. c4 Nc6 7. Be3 Qc7 8. O-O Ne5 9. Qd2 Neg4 10. Bf4 Bd6 11. Bxd6 Qxd6 12. Nf3 O-O 13. e5 Qc5 14. exf6 Nxf6 15. Nc3 Qc7 16. Rac1 b6 17. Rfd1 Bb7 18. Be2 Rab8 19. Qd6 Qd8 20. Ne5 Ne8 21. Qxd7 Qg5 22. Nf3 Qg6 23. Qd3 f5 24. Bf1 Nf6 25. Ne5 Qg5 26. Qg3 Qh6 27. f4 g6 28. Rd6 b5 29. Nd7 Nh5 30. Qg5 Qg7 31. Nxf8 Rxf8 32. Rcd1 h6 33. Qh4 Rf7 34. Qd8+ Kh7 35. Rd7 Nf6 36. Rxf7 Qxf7 37. cxb5 axb5 38. Bxb5 g5 39. fxg5 hxg5 40. Rd7 Nxd7 41. Qxd7 Kg6 42. Qxf7+ Kxf7 43. a4 e5 44. a5 Ke6 45. a6 Ba8 46. Na4 Kd6 47. Kf2 f4 48. g3 e4 49. gxf4 gxf4 50. Nb6 e3+ 51. Ke2 Bg2 52. a7 Kc5 53. a8=Q Bxa8 54. Nxa8 Kxb5 55. h4 Kc5 56. h5 Kd4 57. h6 Ke4 58. h7 f3+ 59. Kf1 e2+ 60. Kf2 1-0

[Event "Easter op"]
[Site "Winnipeg CAN"]
[Date "2004.04.24"]
[Round "3"]
[White "Anderson, George"]
[Black "Reimer, Bruce"]
[Result "1-0"]
[WhiteElo "1510"]
[BlackElo "1375"]
[PlyCount "85"]
[GameId "2160767911166889"]
[EventDate "2004.04.??"]
[EventType "swiss"]
[EventRounds "5"]
[EventCountry "CAN"]
[SourceTitle "EXT 2006"]
[Source "ChessBase"]
[SourceDate "2005.11.24"]
[SourceVersion "1"]
[SourceVersionDate "2005.11.24"]
[SourceQuality "1"]

1. b4 e5 2. Bb2 d6 3. b5 Nf6 4. c4 g6 5. a4 Be6 6. e3 Bg7 7. Nc3 O-O 8. h3 c5 9. e4 Nbd7 10. a5 Ne8 11. d3 f5 12. h4 Nef6 13. Nf3 fxe4 14. dxe4 Bg4 15. Qxd6 Ne8 16. Qd5+ Kh8 17. Ng5 Qf6 18. f3 Bh6 19. fxg4 Qf2+ 20. Kd1 Qxb2 21. Rc1 Bxg5 22. hxg5 Rd8 23. Bd3 Nc7 24. Qxb7 Nb8 25. Nd5 Qxg2 26. Re1 Nxd5 27. exd5 Rd7 28. Qa8 Qxg4+ 29. Kc2 Rdf7 30. d6 Qd4 31. Qd5 Rf2+ 32. Re2 Rxe2+ 33. Bxe2 Rf2 34. Qxd4 exd4 35. Kd3 Rg2 36. Rf1 Kg7 37. Bf3 Rg3 38. b6 axb6 39. a6 Nc6 40. Ke2 d3+ 41. Kd2 Ne5 42. Bd5 Rxg5 43. a7 1-0

[Event "Easter op"]
[Site "Winnipeg CAN"]
[Date "2004.04.24"]
[Round "3"]
[White "Cleto, Sam"]
[Black "Czarny, Keith"]
[Result "1/2-1/2"]
[WhiteElo "1883"]
[BlackElo "1657"]
[PlyCount "65"]
[GameId "2160767911166890"]
[EventDate "2004.04.??"]
[EventType "swiss"]
[EventRounds "5"]
[EventCountry "CAN"]
[SourceTitle "EXT 2006"]
[Source "ChessBase"]
[SourceDate "2005.11.24"]
[SourceVersion "1"]
[SourceVersionDate "2005.11.24"]
[SourceQuality "1"]

1. d4 f5 2. g3 Nf6 3. Bg2 g6 4. Nf3 Bg7 5. O-O O-O 6. c4 d6 7. Nc3 Nbd7 8. Qb3 e5 9. Ng5 exd4 10. Nd5 Nc5 11. Qc2 h6 12. Nxf6+ Qxf6 13. Nf3 c6 14. Rb1 f4 15. Qd1 Bf5 16. Ra1 d3 17. Ne1 Rae8 18. exd3 Rxe1 19. Qxe1 Nxd3 20. Qd2 fxg3 21. hxg3 Qd4 22. a4 Nxc1 23. Qxc1 Bd3 24. Bh3 Bxf1 25. Qxf1 Be5 26. Be6+ Kg7 27. Rc1 Qxb2 28. Rb1 Qd4 29. Rxb7+ Kh8 30. Bf7 Bxg3 31. Qg2 Qd1+ 32. Qf1 Qd4 33. Qg2 1/2-1/2

[Event "Easter op"]
[Site "Winnipeg CAN"]
[Date "2004.04.24"]
[Round "3"]
[White "Lipnowski, Samuel"]
[Black "Khedkar, Jay S"]
[Result "1-0"]
[WhiteElo "2121"]
[BlackElo "1914"]
[PlyCount "53"]
[GameId "2160767911166891"]
[EventDate "2004.04.??"]
[EventType "swiss"]
[EventRounds "5"]
[EventCountry "CAN"]
[SourceTitle "EXT 2006"]
[Source "ChessBase"]
[SourceDate "2005.11.24"]
[SourceVersion "1"]
[SourceVersionDate "2005.11.24"]
[SourceQuality "1"]

1. e4 c5 2. Nf3 d6 3. d4 cxd4 4. Nxd4 Nf6 5. Nc3 a6 6. Be2 e6 7. O-O Be7 8. f4 Nc6 9. Be3 Qc7 10. Qe1 Bd7 11. Kh1 b5 12. a3 Rc8 13. Qg3 O-O 14. Rad1 Na5 15. e5 Ne8 16. Ne4 Nc4 17. Bxc4 bxc4 18. Ng5 Bxg5 19. Qxg5 dxe5 20. fxe5 Bc6 21. Nxc6 Qxc6 22. Rf3 Qe4 23. Rdf1 Qxc2 24. Qe7 Qg6 25. Bb6 c3 26. bxc3 Rc4 27. Rxf7 1-0

[Event "Easter op"]
[Site "Winnipeg CAN"]
[Date "2004.04.24"]
[Round "3"]
[White "Silva, T Romero"]
[Black "Rutter, Blair"]
[Result "1-0"]
[WhiteElo "1806"]
[BlackElo "1626"]
[PlyCount "33"]
[GameId "2160767911166892"]
[EventDate "2004.04.??"]
[EventType "swiss"]
[EventRounds "5"]
[EventCountry "CAN"]
[SourceTitle "EXT 2006"]
[Source "ChessBase"]
[SourceDate "2005.11.24"]
[SourceVersion "1"]
[SourceVersionDate "2005.11.24"]
[SourceQuality "1"]

1. d4 Nf6 2. c4 d6 3. Nc3 g6 4. e4 Bg7 5. Be2 O-O 6. Be3 Nbd7 7. f4 e5 8. Bf3 exd4 9. Bxd4 c5 10. Be3 Qc7 11. Nge2 Nb6 12. b3 a6 13. O-O Bg4 14. Ng3 h5 15. a3 g5 16. f5 Bxf3 17. Qxf3 1-0

[Event "Easter op"]
[Site "Winnipeg CAN"]
[Date "2004.04.24"]
[Round "3"]
[White "Tang, Edward"]
[Black "Prince, Colin"]
[Result "1-0"]
[WhiteElo "1940"]
[BlackElo "1705"]
[PlyCount "97"]
[GameId "2160767911166893"]
[EventDate "2004.04.??"]
[EventType "swiss"]
[EventRounds "5"]
[EventCountry "CAN"]
[SourceTitle "EXT 2006"]
[Source "ChessBase"]
[SourceDate "2005.11.24"]
[SourceVersion "1"]
[SourceVersionDate "2005.11.24"]
[SourceQuality "1"]

1. e4 e5 2. Nf3 Nc6 3. Bb5 a6 4. Ba4 Nf6 5. O-O Be7 6. Re1 b5 7. Bb3 O-O 8. a4 Bb7 9. d3 d6 10. c3 b4 11. a5 h6 12. d4 bxc3 13. bxc3 Nb8 14. dxe5 Nxe4 15. Bd5 Nxf2 16. Kxf2 c6 17. Be4 d5 18. Bc2 f5 19. exf6 Bxf6 20. Qd3 Bh4+ 21. g3 Qf6 22. Qh7+ Kf7 23. Bg6+ Qxg6 24. Qxg6+ Kxg6 25. gxh4 c5 26. Kg3 Nd7 27. Nbd2 Nf6 28. Rb1 Rab8 29. Re7 Nh5+ 30. Kf2 Ba8 31. Rb6+ Kh7 32. Ba3 Nf4 33. Kg3 Nh5+ 34. Kg2 Nf4+ 35. Kf2 d4 36. cxd4 Rbd8 37. Rxa6 Ng6 38. Bxc5 Nxh4 39. Re3 Nf5 40. Bxf8 Rxf8 41. Rd3 g5 42. h3 Bd5 43. Rb6 Ne7 44. a6 h5 45. a7 g4 46. hxg4 hxg4 47. Rb8 Rf7 48. a8=Q Bxa8 49. Rxa8 1-0

[Event "Easter op"]
[Site "Winnipeg CAN"]
[Date "2004.04.24"]
[Round "3"]
[White "Vincent, Trevor"]
[Black "Gentes, Kevin"]
[Result "1/2-1/2"]
[WhiteElo "2053"]
[BlackElo "2337"]
[PlyCount "71"]
[GameId "2160767911166894"]
[EventDate "2004.04.??"]
[EventType "swiss"]
[EventRounds "5"]
[EventCountry "CAN"]
[SourceTitle "EXT 2006"]
[Source "ChessBase"]
[SourceDate "2005.11.24"]
[SourceVersion "1"]
[SourceVersionDate "2005.11.24"]
[SourceQuality "1"]

1. c4 e6 2. g3 Nf6 3. Bg2 d5 4. Nf3 c5 5. cxd5 exd5 6. d4 Nc6 7. O-O Be7 8. dxc5 Bxc5 9. Bg5 O-O 10. Nc3 d4 11. Bxf6 Qxf6 12. Ne4 Qe7 13. Nxc5 Qxc5 14. Ne1 Re8 15. Nd3 Qb6 16. Qd2 Bf5 17. Nf4 Be4 18. Rac1 Rad8 19. Rfd1 Bxg2 20. Kxg2 Qb5 21. b3 h6 22. h4 Qe5 23. Rc4 g5 24. hxg5 hxg5 25. Nd3 Qe4+ 26. Kg1 f6 27. Re1 Kg7 28. f3 Qh7 29. Kg2 Rh8 30. Rg1 Qh2+ 31. Kf1 Rh6 32. Nf2 Rdh8 33. b4 a6 34. a4 Qh5 35. b5 Qf7 36. Rc1 1/2-1/2

[Event "Easter op"]
[Site "Winnipeg CAN"]
[Date "2004.04.25"]
[Round "4"]
[White "Degroot, Stephen"]
[Black "Cleto, Sam"]
[Result "0-1"]
[WhiteElo "1552"]
[BlackElo "1883"]
[PlyCount "42"]
[GameId "2160767911166895"]
[EventDate "2004.04.??"]
[EventType "swiss"]
[EventRounds "5"]
[EventCountry "CAN"]
[SourceTitle "EXT 2006"]
[Source "ChessBase"]
[SourceDate "2005.11.24"]
[SourceVersion "1"]
[SourceVersionDate "2005.11.24"]
[SourceQuality "1"]

1. e4 e5 2. c4 Nf6 3. Nc3 Bc5 4. g3 d6 5. h3 O-O 6. Bg2 Nc6 7. Nge2 Be6 8. d3 a6 9. O-O Qd7 10. Kh2 h6 11. f4 exf4 12. Nxf4 Nd4 13. Nxe6 Nxe6 14. Bxh6 Bd4 15. Rxf6 Bxf6 16. Nd5 Qd8 17. Qg4 c6 18. Nxf6+ Qxf6 19. Be3 Rae8 20. e5 Qxe5 21. Bd4 f5 0-1

[Event "Easter op"]
[Site "Winnipeg CAN"]
[Date "2004.04.25"]
[Round "4"]
[White "Gentes, Kevin"]
[Black "Zaczek, Jonathon"]
[Result "1-0"]
[WhiteElo "2337"]
[BlackElo "1856"]
[PlyCount "45"]
[GameId "2160767911175089"]
[EventDate "2004.04.??"]
[EventType "swiss"]
[EventRounds "5"]
[EventCountry "CAN"]
[SourceTitle "EXT 2006"]
[Source "ChessBase"]
[SourceDate "2005.11.24"]
[SourceVersion "1"]
[SourceVersionDate "2005.11.24"]
[SourceQuality "1"]

1. d4 Nf6 2. c4 g6 3. Nc3 Bg7 4. Nf3 O-O 5. Bf4 d6 6. h3 Na6 7. e3 c5 8. Be2 cxd4 9. exd4 Bd7 10. O-O Nc7 11. Re1 Ne6 12. Be3 a5 13. Bf1 a4 14. Qd2 Qa5 15. Rac1 Rfe8 16. a3 Nc7 17. d5 Rab8 18. Nd4 b5 19. Nc6 Bxc6 20. dxc6 b4 21. Nb5 Na6 22. Bd4 d5 23. c7 1-0

[Event "Easter op"]
[Site "Winnipeg CAN"]
[Date "2004.04.25"]
[Round "4"]
[White "Khedkar, Jay S"]
[Black "Czarny, Keith"]
[Result "1-0"]
[WhiteElo "1914"]
[BlackElo "1657"]
[PlyCount "69"]
[GameId "2160767911175090"]
[EventDate "2004.04.??"]
[EventType "swiss"]
[EventRounds "5"]
[EventCountry "CAN"]
[SourceTitle "EXT 2006"]
[Source "ChessBase"]
[SourceDate "2005.11.24"]
[SourceVersion "1"]
[SourceVersionDate "2005.11.24"]
[SourceQuality "1"]

1. e4 e6 2. d4 d5 3. Nc3 Bb4 4. e5 c5 5. a3 cxd4 6. axb4 dxc3 7. bxc3 Ne7 8. Nf3 O-O 9. Bd3 Ng6 10. O-O Qc7 11. Bxg6 fxg6 12. Qd3 b6 13. b5 Bb7 14. Be3 Nd7 15. Bd4 Nc5 16. Qe3 Ne4 17. Ng5 Qd7 18. Rab1 Rf5 19. Nh3 Raf8 20. f3 Nc5 21. Rb4 Qe7 22. Ra1 Ba8 23. Rb2 g5 24. Nf2 Ne4 25. Rf1 Nxf2 26. Rxf2 g4 27. f4 Qh4 28. Qg3 g5 29. Qxh4 gxh4 30. g3 hxg3 31. hxg3 Rc8 32. Ra2 Rf7 33. Rh2 Rf5 34. Rxa7 h5 35. Re7 1-0

[Event "Easter op"]
[Site "Winnipeg CAN"]
[Date "2004.04.25"]
[Round "4"]
[White "Lipnowski, Samuel"]
[Black "Vincent, Trevor"]
[Result "1-0"]
[WhiteElo "2121"]
[BlackElo "2053"]
[PlyCount "107"]
[GameId "2160767911175091"]
[EventDate "2004.04.??"]
[EventType "swiss"]
[EventRounds "5"]
[EventCountry "CAN"]
[SourceTitle "EXT 2006"]
[Source "ChessBase"]
[SourceDate "2005.11.24"]
[SourceVersion "1"]
[SourceVersionDate "2005.11.24"]
[SourceQuality "1"]

1. d4 Nf6 2. c4 e5 3. dxe5 Ng4 4. Bf4 Bb4+ 5. Nd2 d6 6. exd6 Qf6 7. Nh3 Nxf2 8. Kxf2 Bxh3 9. g3 Bxf1 10. Rxf1 Qd4+ 11. Kf3 Bxd6 12. Ne4 Qxd1 13. Raxd1 Bxf4 14. gxf4 Nd7 15. Rd2 O-O-O 16. Rfd1 f6 17. h4 g6 18. b3 f5 19. Ng5 Nf6 20. Rxd8+ Rxd8 21. Rxd8+ Kxd8 22. Ke3 Ke7 23. Kd4 h6 24. Nf3 Ne4 25. Ke5 Nf6 26. Kd4 Ne4 27. h5 g5 28. fxg5 hxg5 29. Ke5 g4 30. Nd4 Ng3 31. h6 Kf7 32. Kf4 Nh5+ 33. Kg5 Ng3 34. Kf4 Nh5+ 35. Kxf5 g3 36. Nf3 g2 37. Ng1 Ng3+ 38. Kf4 Nf1 39. Kf3 Kg6 40. Kxg2 Ne3+ 41. Kf3 Nf5 42. h7 Kxh7 43. Ke4 Kg6 44. Ke5 Ng7 45. e4 Kf7 46. Nf3 Ke7 47. Nd4 Ne8 48. c5 Kd7 49. Nf5 b6 50. b4 a5 51. bxa5 bxa5 52. a4 c6 53. Nd4 Nc7 54. Kf6 1-0

[Event "Easter op"]
[Site "Winnipeg CAN"]
[Date "2004.04.25"]
[Round "4"]
[White "Prince, Colin"]
[Black "Anderson, George"]
[Result "1-0"]
[WhiteElo "1705"]
[BlackElo "1510"]
[PlyCount "45"]
[GameId "2160767911175092"]
[EventDate "2004.04.??"]
[EventType "swiss"]
[EventRounds "5"]
[EventCountry "CAN"]
[SourceTitle "EXT 2006"]
[Source "ChessBase"]
[SourceDate "2005.11.24"]
[SourceVersion "1"]
[SourceVersionDate "2005.11.24"]
[SourceQuality "1"]

1. e4 Nf6 2. e5 Nd5 3. c4 Nf4 4. d4 Ng6 5. h4 e6 6. h5 Nh4 7. Qg4 Bb4+ 8. Nc3 Nf5 9. Nf3 Be7 10. Bd3 g6 11. hxg6 fxg6 12. Bxf5 exf5 13. Qxg6+ hxg6 14. Rxh8+ Kf7 15. Rxd8 Bxd8 16. d5 Na6 17. Bg5 Bxg5 18. Nxg5+ Ke7 19. Kd2 b6 20. Rh1 Bb7 21. Rh7+ Kf8 22. Rxd7 Re8 23. Nh7+ 1-0

[Event "Easter op"]
[Site "Winnipeg CAN"]
[Date "2004.04.25"]
[Round "4"]
[White "Rutter, Blair"]
[Black "Gannon, Keith"]
[Result "1-0"]
[WhiteElo "1626"]
[BlackElo "1527"]
[PlyCount "75"]
[GameId "2160767911175093"]
[EventDate "2004.04.??"]
[EventType "swiss"]
[EventRounds "5"]
[EventCountry "CAN"]
[SourceTitle "EXT 2006"]
[Source "ChessBase"]
[SourceDate "2005.11.24"]
[SourceVersion "1"]
[SourceVersionDate "2005.11.24"]
[SourceQuality "1"]

1. c4 b6 2. Nc3 Bb7 3. d4 e6 4. a3 a5 5. Qc2 Nf6 6. e4 d6 7. Nf3 Be7 8. Be2 O-O 9. O-O Nbd7 10. b3 Ba6 11. Bb2 c6 12. Rad1 Qc7 13. Bd3 e5 14. Ne2 exd4 15. Nexd4 Nc5 16. Nf5 Nxd3 17. Rxd3 Rfe8 18. e5 dxe5 19. Nxe5 Bxa3 20. Bxa3 Qxe5 21. Rg3 g6 22. Bb2 Qe6 23. Nh6+ Kf8 24. Rf3 Qe2 25. Qc3 Re6 26. Rxf6 Rxf6 27. Qxf6 Ke8 28. Qxf7+ Kd8 29. Qf8+ Qe8 30. Nf7+ Kc7 31. Qd6+ Kb7 32. Qf6 Ka7 33. Nd6 Qd7 34. Re1 Rd8 35. Re7 a4 36. Rxd7+ Rxd7 37. Qe6 Rg7 38. Bxg7 1-0

[Event "Easter op"]
[Site "Winnipeg CAN"]
[Date "2004.04.25"]
[Round "4"]
[White "Silva, T Romero"]
[Black "Tang, Edward"]
[Result "0-1"]
[WhiteElo "1806"]
[BlackElo "1940"]
[PlyCount "76"]
[GameId "2160767911175094"]
[EventDate "2004.04.??"]
[EventType "swiss"]
[EventRounds "5"]
[EventCountry "CAN"]
[SourceTitle "EXT 2006"]
[Source "ChessBase"]
[SourceDate "2005.11.24"]
[SourceVersion "1"]
[SourceVersionDate "2005.11.24"]
[SourceQuality "1"]

1. d4 Nf6 2. c4 g6 3. Nc3 Bg7 4. e4 d6 5. Bd3 O-O 6. a4 Nc6 7. Nge2 e5 8. d5 Nd4 9. O-O Nxe2+ 10. Qxe2 Nd7 11. Ra3 a5 12. Be3 f5 13. f4 exf4 14. Bxf4 g5 15. exf5 gxf4 16. Rxf4 Ne5 17. Bb1 Qg5 18. Qf1 Qe7 19. Nb5 Kh8 20. Rh3 Bf6 21. Nd4 Rg8 22. Kh1 Nf7 23. Ne6 Ng5 24. Rh6 Nf7 25. Rxh7+ Kxh7 26. Rh4+ Nh6 27. Qf4 Rg5 28. Nxg5+ Kg8 29. Ne6 Bxh4 30. Qxh6 Bxe6 31. dxe6 Qg5 32. Qxg5+ Bxg5 33. g3 Kg7 34. h4 Rh8 35. Kg2 Bf6 36. Kh3 Bxb2 37. Be4 c6 38. g4 Re8 0-1

[Event "Easter op"]
[Site "Winnipeg CAN"]
[Date "2004.04.25"]
[Round "5"]
[White "Cleto, Sam"]
[Black "Silva, T Romero"]
[Result "1-0"]
[WhiteElo "1883"]
[BlackElo "1806"]
[PlyCount "66"]
[GameId "2160767911175096"]
[EventDate "2004.04.??"]
[EventType "swiss"]
[EventRounds "5"]
[EventCountry "CAN"]
[SourceTitle "EXT 2006"]
[Source "ChessBase"]
[SourceDate "2005.11.24"]
[SourceVersion "1"]
[SourceVersionDate "2005.11.24"]
[SourceQuality "1"]

1. d4 Nf6 2. c4 d5 3. Nc3 e6 4. Nf3 c6 5. e3 Nbd7 6. Bd3 Qc7 7. O-O g6 8. e4 dxe4 9. Nxe4 Bg7 10. Re1 O-O 11. Ng3 c5 12. d5 exd5 13. cxd5 Nb6 14. Be4 Qd6 15. Bg5 Nfxd5 16. Bxd5 Qxd5 17. Be7 Bxb2 18. Bxf8 Qxd1 19. Raxd1 Kxf8 20. Rd8+ Kg7 21. Ree8 Bf6 22. Rg8+ Kh6 23. Rde8 Bb2 24. Ne4 c4 25. Neg5 f6 26. Nf7+ Kh5 27. Rh8 g5 28. Nd6 Bg4 29. Rxa8 f5 30. Rxh7+ Kg6 31. Rxb7 Bxf3 32. Rg8+ Kh5 33. gxf3 Kh6 1-0

[Event "Easter op"]
[Site "Winnipeg CAN"]
[Date "2004.04.25"]
[Round "5"]
[White "Czarny, Keith"]
[Black "Degroot, Stephen"]
[Result "1-0"]
[WhiteElo "1657"]
[BlackElo "1552"]
[PlyCount "51"]
[GameId "2160767911175097"]
[EventDate "2004.04.??"]
[EventType "swiss"]
[EventRounds "5"]
[EventCountry "CAN"]
[SourceTitle "EXT 2006"]
[Source "ChessBase"]
[SourceDate "2005.11.24"]
[SourceVersion "1"]
[SourceVersionDate "2005.11.24"]
[SourceQuality "1"]

1. Nf3 Nf6 2. c4 g6 3. Nc3 Bg7 4. g3 d6 5. Bg2 O-O 6. O-O c5 7. d4 Na6 8. dxc5 Nxc5 9. Be3 a6 10. Rc1 Bd7 11. b4 Ne6 12. Nd4 Nxd4 13. Bxd4 Qc8 14. Bxf6 Bxf6 15. Nd5 Qd8 16. Nxf6+ exf6 17. Qxd6 Rb8 18. Rfd1 Be6 19. Qxd8 Rfxd8 20. Rxd8+ Rxd8 21. Bxb7 Rb8 22. Bxa6 Rxb4 23. Bb5 Rb2 24. a4 Ra2 25. c5 Kf8 26. c6 1-0

[Event "Easter op"]
[Site "Winnipeg CAN"]
[Date "2004.04.25"]
[Round "5"]
[White "Reimer, Bruce"]
[Black "Gannon, Keith"]
[Result "1/2-1/2"]
[WhiteElo "1375"]
[BlackElo "1527"]
[PlyCount "132"]
[GameId "2160767911175098"]
[EventDate "2004.04.??"]
[EventType "swiss"]
[EventRounds "5"]
[EventCountry "CAN"]
[SourceTitle "EXT 2006"]
[Source "ChessBase"]
[SourceDate "2005.11.24"]
[SourceVersion "1"]
[SourceVersionDate "2005.11.24"]
[SourceQuality "1"]

1. c4 c5 2. g3 Nf6 3. Bg2 e6 4. Nc3 d5 5. cxd5 exd5 6. d4 Be6 7. Bg5 Be7 8. e3 O-O 9. Nge2 Nc6 10. O-O cxd4 11. exd4 Re8 12. Re1 h6 13. Bxf6 Bxf6 14. Rc1 Qd7 15. a3 Rac8 16. Nf4 Bxd4 17. Nfxd5 Bxc3 18. Nxc3 Qxd1 19. Rcxd1 a6 20. Ne4 Bb3 21. Nd6 Rxe1+ 22. Rxe1 Rc7 23. Rc1 Rd7 24. Nxb7 Rxb7 25. Rxc6 Ra7 26. Bf1 a5 27. Ra6 Rxa6 28. Bxa6 Kf8 29. Kf1 Ke7 30. Ke2 Kd6 31. Kd3 Kc5 32. Kc3 Be6 33. b4+ axb4+ 34. axb4+ Kd6 35. b5 Kc5 36. Kd3 Bf5+ 37. Ke3 f6 38. Kf4 Bd3 39. h4 g5+ 40. Kg4 gxh4 41. gxh4 Bg6 42. Kf4 Bd3 43. Ke3 Bf1 44. Kd2 Kd4 45. Kc2 f5 46. Bc8 Bxb5 47. Bxf5 Ke5 48. Bg6 Kf4 49. Kd2 Kf3 50. Kc3 Kxf2 51. Kd4 Kg3 52. h5 Kf4 53. Kd5 Kg5 54. Ke6 Be2 55. Ke5 Bd1 56. Be8 Bxh5 57. Bxh5 Kxh5 58. Kf5 Kh4 59. Kf4 h5 60. Kf3 Kh3 61. Kf2 Kh2 62. Kf3 h4 63. Kf2 h3 64. Kf1 Kg3 65. Kg1 h2+ 66. Kh1 Kh3 1/2-1/2

[Event "Easter op"]
[Site "Winnipeg CAN"]
[Date "2004.04.25"]
[Round "5"]
[White "Rutter, Blair"]
[Black "Prince, Colin"]
[Result "0-1"]
[WhiteElo "1626"]
[BlackElo "1705"]
[PlyCount "64"]
[GameId "2160767911175099"]
[EventDate "2004.04.??"]
[EventType "swiss"]
[EventRounds "5"]
[EventCountry "CAN"]
[SourceTitle "EXT 2006"]
[Source "ChessBase"]
[SourceDate "2005.11.24"]
[SourceVersion "1"]
[SourceVersionDate "2005.11.24"]
[SourceQuality "1"]

1. c4 Nf6 2. g3 g6 3. Bg2 d6 4. Nc3 Bg7 5. e4 O-O 6. Nge2 c6 7. O-O Bg4 8. f3 Be6 9. d3 Na6 10. Be3 Qc8 11. Qd2 Bh3 12. Rf2 Bxg2 13. Kxg2 Re8 14. h3 e5 15. f4 exf4 16. Bxf4 Qd7 17. Raf1 Rf8 18. Bg5 Ne8 19. Bh6 Nc5 20. Bxg7 Nxg7 21. Nd4 Nce6 22. Nf3 f5 23. d4 fxe4 24. Nxe4 d5 25. cxd5 Qxd5 26. Nc3 Qd8 27. Qd3 Nf5 28. Qe4 Qd6 29. Ne2 Rae8 30. g4 Nexd4 31. Qxe8 Rxe8 32. Rd1 Ne3+ 0-1

[Event "Easter op"]
[Site "Winnipeg CAN"]
[Date "2004.04.25"]
[Round "5"]
[White "Tang, Edward"]
[Black "Vincent, Trevor"]
[Result "1/2-1/2"]
[WhiteElo "1940"]
[BlackElo "2053"]
[PlyCount "73"]
[GameId "2160767911175100"]
[EventDate "2004.04.??"]
[EventType "swiss"]
[EventRounds "5"]
[EventCountry "CAN"]
[SourceTitle "EXT 2006"]
[Source "ChessBase"]
[SourceDate "2005.11.24"]
[SourceVersion "1"]
[SourceVersionDate "2005.11.24"]
[SourceQuality "1"]

1. e4 c5 2. Nf3 Nc6 3. d4 cxd4 4. Nxd4 g6 5. c4 Nf6 6. Nc3 d6 7. Be2 Nxd4 8. Qxd4 Bg7 9. Be3 O-O 10. Qd2 Be6 11. O-O Qa5 12. Rab1 Rfc8 13. b3 a6 14. Rfc1 Rab8 15. Ba7 Ra8 16. Be3 Qb4 17. f3 b5 18. Nd5 Qxd2 19. Bxd2 Nxd5 20. cxd5 Bd4+ 21. Kf1 Bd7 22. Bd3 f5 23. exf5 gxf5 24. Rxc8+ Rxc8 25. Rc1 Rc5 26. Rxc5 dxc5 27. Ke2 Kf7 28. Be3 Bxe3 29. Kxe3 Kf6 30. Kf4 e6 31. dxe6 Bxe6 32. g4 fxg4 33. fxg4 h6 34. h4 Bg8 35. g5+ hxg5+ 36. hxg5+ Ke6 37. a4 1/2-1/2

[Event "Easter op"]
[Site "Winnipeg CAN"]
[Date "2004.04.25"]
[Round "5"]
[White "Zaczek, Jonathon"]
[Black "Khedkar, Jay S"]
[Result "0-1"]
[WhiteElo "1856"]
[BlackElo "1914"]
[PlyCount "90"]
[GameId "2160767911175101"]
[EventDate "2004.04.??"]
[EventType "swiss"]
[EventRounds "5"]
[EventCountry "CAN"]
[SourceTitle "EXT 2006"]
[Source "ChessBase"]
[SourceDate "2005.11.24"]
[SourceVersion "1"]
[SourceVersionDate "2005.11.24"]
[SourceQuality "1"]

1. e4 e5 2. Nf3 Nf6 3. Nxe5 d6 4. Nf3 Nxe4 5. d4 d5 6. Bd3 Be7 7. O-O Nc6 8. c4 Nb4 9. Qa4+ Bd7 10. Qd1 Nxd3 11. Qxd3 Bf5 12. Qb3 dxc4 13. Qxc4 O-O 14. Nc3 c6 15. Bf4 Bd6 16. Bxd6 Nxd6 17. Qc5 Qf6 18. Rfe1 Rfd8 19. Re3 h6 20. Rae1 Be6 21. b3 Nf5 22. Re5 b6 23. Qb4 Rd7 24. Qa4 b5 25. Qa6 Rad8 26. Qxc6 Nxd4 27. Nxd4 Rxd4 28. Qxb5 Rc8 29. Rc5 Rxc5 30. Qxc5 Rf4 31. Qe3 Rf5 32. Ne4 Qe7 33. Ng3 Ra5 34. Qd2 Qa3 35. Re2 Rd5 36. Qc2 Rc5 37. Qb2 Rc1+ 38. Nf1 Qc5 39. a3 Bf5 40. Rd2 Rb1 41. Rd8+ Kh7 42. Qd4 Qb5 43. Qc4 Qe5 44. Qxf7 Be6 45. Qxa7 Qe2 0-1

[Event "Eastern Ontario op"]
[Site "Ottawa CAN"]
[Date "2004.06.05"]
[Round "1"]
[White "Pacey, Kevin"]
[Black "Yuan, Michael"]
[Result "0-1"]
[WhiteElo "2201"]
[BlackElo "1932"]
[PlyCount "54"]
[GameId "2160767911096282"]
[EventDate "2004.06.05"]
[EventType "swiss"]
[EventRounds "5"]
[EventCountry "CAN"]

1. d4 Nf6 2. c4 e6 3. Nc3 Bb4 4. e3 O-O 5. Bd3 c5 6. Nf3 d5 7. O-O Nc6 8. a3 Bxc3 9. bxc3 b6 10. cxd5 exd5 11. h3 c4 12. Bc2 Rb8 13. Nd2 Re8 14. Re1 Rb7 15. Bb2 Rbe7 16. Qb1 Bd7 17. Nf1 Qc8 18. f3 Bxh3 19. gxh3 Qxh3 20. Qd1 Ne5 21. Nh2 Nh5 22. Qe2 Nd3 23. Bxd3 Rxe3 24. Qxe3 Rxe3 25. Rxe3 g5 26. Bf1 Qg3+ 27. Kh1 Qf2 0-1

[Event "Eastern Ontario op"]
[Site "Ottawa CAN"]
[Date "2004.06.05"]
[Round "2"]
[White "Pacey, Kevin"]
[Black "Dale, Stephen"]
[Result "0-1"]
[WhiteElo "2201"]
[BlackElo "1819"]
[PlyCount "96"]
[GameId "2160767911096283"]
[EventDate "2004.06.05"]
[EventType "swiss"]
[EventRounds "5"]
[EventCountry "CAN"]

1. e4 c5 2. Nc3 Nc6 3. g3 Rb8 4. Bg2 b5 5. a3 g6 6. d3 e6 7. Nf3 Bg7 8. Bg5 Qb6 9. O-O Nge7 10. Re1 d6 11. Qd2 h6 12. Be3 Nd4 13. Nd1 Nec6 14. Rb1 Qc7 15. c3 Nb3 16. Qc2 Nca5 17. Nd2 c4 18. d4 O-O 19. f4 f5 20. Nf3 Bd7 21. Nf2 Rbe8 22. e5 d5 23. g4 Qd8 24. h4 Nc6 25. Bh3 Ne7 26. h5 gxh5 27. gxh5 Kh7 28. Kh2 Rg8 29. Rg1 Ref8 30. Nh4 Be8 31. Bg4 Kh8 32. Bf3 Kh7 33. Nh3 Nc6 34. Qf2 a5 35. Ng5+ hxg5 36. fxg5 f4 37. Qc2+ Kh8 38. Bf2 Bxe5 39. dxe5 Rxg5 40. Rxg5 Qxg5 41. Rg1 Qxe5 42. Ng6+ Bxg6 43. hxg6 Kg7 44. Kg2 Rf6 45. Kf1 Ne7 46. Bh4 Rxg6 47. Bxe7 Rxg1+ 48. Kxg1 Qe1+ 0-1